|
|
|
|
| LEADER |
00000nab a2200000 a 4500 |
| 001 |
vtls000298195 |
| 003 |
SK-MaSNL |
| 005 |
20260302222259.0 |
| 008 |
111201c1987 xo 0 slo |
| 015 |
|
|
|a SNBRB19rr/mm-uuuuu
|
| 035 |
|
|
|a CL0308314
|
| 040 |
|
|
|a SNKBUCL
|b slo
|c SNKBUCL
|e AACR2
|
| 041 |
0 |
|
|a slo
|
| 044 |
|
|
|a xo
|c SK
|
| 080 |
|
|
|a 791.43(430.1)
|2 1981
|
| 100 |
1 |
|
|a Zvarík, Emil,
|d 1958-
|4 aut
|9 155036
|
| 245 |
1 |
0 |
|a Podobenstvo jednej túžby
|b Pred uvedením filmu NSR Túžba Veroniky Vossovej
|c Emil Zvarík ; Rainer Werner Fassbinder
|
| 500 |
|
|
|a (Réžia Rainer Werner Fassbinder.)
|
| 650 |
0 |
7 |
|a Túžba Veroniky Vossovej (film NSR)
|2 snkbucl
|9 950211
|
| 655 |
|
7 |
|a články z novín a časopisov
|2 snkbucl
|9 267496
|
| 773 |
0 |
|
|t Televízia
|g Roč. 22, č. 50 (1987), s. 28
|
| 850 |
|
|
|a Slovenská národná knižnica v Martine
|a MTA001
|
| 852 |
|
|
|a SNK
|b KIS3GCP
|
| 958 |
|
|
|a RK
|
| 992 |
|
|
|a RBX
|
| 999 |
|
|
|c 1515921
|d 1517851
|